| 000 | 00794nam a22001695i 4500 | ||
|---|---|---|---|
| 001 | 156221 | ||
| 003 | ES-MaACL | ||
| 005 | 20230906210341.0 | ||
| 008 | 040803s1870 sp |||| | spa d | ||
| 080 | _a341.224.2 | ||
| 100 | 1 |
_aJamar, Joaquín. _9128262 |
|
| 245 | 1 | 0 |
_aCanal de Suez : _bmemoria presentada al ministro de Fomento sobre la trascendencia mercantil del Canal y medios que deben emplearse para asegurar la participación de España en el tráfico de Oriente / _cpor Joaquín Jamar. |
| 260 |
_aMadrid : _b[s.n.], _c1870 ( _fImp. de la Gaceta de los Caminos de Hierro) |
||
| 300 |
_a69 p. ; _c20 cm. |
||
| 651 | 4 |
_aCanal de Suez. _9146448 |
|
| 852 | 4 |
_aES-MaACL _jT-115-F-5 _z- Enc. hol., falto de cub. original _z- Enc. en un vol. facticio _z- Dedicatoria autógrafa del autor |
|
| 999 |
_c156221 _d156221 |
||